Breve historia del movimiento feminista peruano contemporáneo /

সংরক্ষণ করুন:
গ্রন্থ-পঞ্জীর বিবরন
প্রধান লেখক: Acevedo Godínez, Juan Francisco
বিন্যাস: অজ্ঞাত
ভাষা:Spanish
প্রকাশিত: Buenos Aires : Catálogos, 2007.
বিষয়গুলি:
ট্যাগগুলো: ট্যাগ যুক্ত করুন
কোনো ট্যাগ নেই, প্রথমজন হিসাবে ট্যাগ করুন!

MARC

LEADER 000000000a22000000004500
001 012948
020 |a 9789508952486 
041 0 |a spa 
082 0 4 |a 305.4   |b F331p Vol.III 
100 1 |a Acevedo Godínez, Juan Francisco 
245 1 0 |a Breve historia del movimiento feminista peruano contemporáneo /   |c Juan Francisco Acevedo Godínez. 
260 1 |a Buenos Aires :   |b Catálogos,   |c 2007. 
300 |a 17 páginas 
650 4 |a FEMINISMO 
650 4 |a PERU 
650 4 |a MUJERES LATINOAMERICANAS 
999 |c 18892  |d 18892 
942 |c BK  |h 305.4 F331p Vol.III  |2 z